Chemical milling: the technology of cutting materials by etching (Record no. 32011)

MARC details
000 -LEADER
fixed length control field 00311nam a2200109Ia 4500
082 ## - DEWEY DECIMAL CLASSIFICATION NUMBER
Classification number 066.022
Item number HAR
100 ## - MAIN ENTRY--AUTHOR NAME
Personal name Harris, William T
245 #0 - TITLE STATEMENT
Title Chemical milling: the technology of cutting materials by etching
260 ## - PUBLICATION, DISTRIBUTION, ETC. (IMPRINT)
Place of publication Oxford
Name of publisher Clarendon
Year of publication 1976
942 ## - ADDED ENTRY ELEMENTS (KOHA)
Koha item type Books
Holdings
Withdrawn status Lost status Damaged status Not for loan Home library Current library Date acquired Cost, normal purchase price Full call number Accession Number Koha item type
        RRII Library RRII Library 16/12/2021 16.00 066.022 HAR 12537 Books